Curso de derecho minero /
Guardado en:
| Autor Principal: | |
|---|---|
| Formato: | Libro |
| Idioma: | Spanish |
| Publicado: |
Buenos Aires :
Zavalía,
1999
|
| Edición: | 5a. ed. |
| Materias: | |
| Etiquetas: |
Agregar Etiqueta
Sin Etiquetas, Sea el primero en etiquetar este registro!
|
| LEADER | 00621nam a22001935a 4500 | ||
|---|---|---|---|
| 001 | DER.der015593 | ||
| 008 | 251211s1999####ag#||||||||||||||#||spa|| | ||
| 005 | 20251211150056.0 | ||
| 245 | 1 | 0 | |a Curso de derecho minero / |c Edmundo F. Catalano |
| 250 | |a 5a. ed. | ||
| 260 | |a Buenos Aires : |b Zavalía, |c 1999 | ||
| 300 | |a 333 p. | ||
| 020 | |a 9505724764 | ||
| 100 | 1 | |a Catalano, Edmundo F. | |
| 650 | 7 | |a Código de minería |2 SAIJ | |
| 650 | 7 | |a DERECHO AMBIENTAL | |
| 859 | |a DERECHO |b BIB. DERECHO |h 343.0775 |i CAT |p 000570 | ||
| 859 | |a DERECHO |b BIB. DERECHO |h 343.0775 |i CAT |p 000571 |t 1 | ||
| 859 | |a DERECHO |b BIB. DERECHO |h 343.0775 |i CAT |p 009889 |t 2 | ||
